<?xml version="1.0" encoding="UTF-8"?>
<record
    xmlns:xsi="http://www.w3.org/2001/XMLSchema-instance"
    xsi:schemaLocation="http://www.loc.gov/MARC21/slim http://www.loc.gov/standards/marcxml/schema/MARC21slim.xsd"
    xmlns="http://www.loc.gov/MARC21/slim">

  <leader>00940nam a2200229Ia 4500</leader>
  <controlfield tag="005">20231102151855.0</controlfield>
  <controlfield tag="008">121028t2015    mx a   f      000 0 spa d</controlfield>
  <datafield tag="020" ind1=" " ind2=" ">
    <subfield code="a">970-91084-7-7</subfield>
  </datafield>
  <datafield tag="050" ind1=" " ind2=" ">
    <subfield code="a">HJ4664 C37 2015</subfield>
  </datafield>
  <datafield tag="100" ind1="1" ind2="0">
    <subfield code="9">1560</subfield>
    <subfield code="a">C&#xE1;rdenas Pe&#xF1;a, Carmen</subfield>
    <subfield code="d">autor</subfield>
  </datafield>
  <datafield tag="245" ind1="1" ind2="0">
    <subfield code="a">Pago de impuestos en "Espa&#xF1;ol" 2005 </subfield>
    <subfield code="c">/ Carmen C&#xE1;rdenas Pe&#xF1;a y Mario Rodr&#xED;guez C&#xE1;rdenas</subfield>
  </datafield>
  <datafield tag="260" ind1=" " ind2=" ">
    <subfield code="a">M&#xE9;xico</subfield>
    <subfield code="b"> : Rocar</subfield>
    <subfield code="c">,2015</subfield>
  </datafield>
  <datafield tag="300" ind1=" " ind2=" ">
    <subfield code="a">374 p&#xE1;ginas </subfield>
  </datafield>
  <datafield tag="337" ind1=" " ind2=" ">
    <subfield code="a">texto</subfield>
  </datafield>
  <datafield tag="338" ind1=" " ind2=" ">
    <subfield code="a">sin medio</subfield>
  </datafield>
  <datafield tag="339" ind1=" " ind2=" ">
    <subfield code="a">volumen</subfield>
  </datafield>
  <datafield tag="500" ind1=" " ind2=" ">
    <subfield code="a">Incluye &#xED;ndice</subfield>
  </datafield>
  <datafield tag="505" ind1=" " ind2=" ">
    <subfield code="a">Pr&#xF3;logo 
Cap. 1. Visi&#xF3;n general del mecanismo f&#xED;scal 
Cap. 2. Personas morales  
Cap. 3. Ajuste anual por inflaci&#xF3;n 
Cap. 4. Impuesto al activo 
Cap. 5. Impuesto al valor agregado (I.V.A.) 
Cap. 6. Est&#xED;mulos f&#xED;scales para Ejercicio 2005 
Cap. 7. R&#xE9;gimen </subfield>
  </datafield>
  <datafield tag="650" ind1="1" ind2="0">
    <subfield code="a">IMPUESTOS </subfield>
    <subfield code="z"> M&#xC9;XICO</subfield>
    <subfield code="9">1401</subfield>
  </datafield>
  <datafield tag="700" ind1=" " ind2=" ">
    <subfield code="a">Rodr&#xED;guez C&#xE1;rdenas, Mario</subfield>
    <subfield code="b">coautor</subfield>
    <subfield code="9">1561</subfield>
  </datafield>
  <datafield tag="942" ind1=" " ind2=" ">
    <subfield code="c">LB</subfield>
    <subfield code="2">lcc</subfield>
  </datafield>
  <datafield tag="952" ind1=" " ind2=" ">
    <subfield code="0">0</subfield>
    <subfield code="1">0</subfield>
    <subfield code="2">lcc</subfield>
    <subfield code="4">0</subfield>
    <subfield code="7">0</subfield>
    <subfield code="a">14</subfield>
    <subfield code="b">14</subfield>
    <subfield code="d">2015-10-20</subfield>
    <subfield code="l">6</subfield>
    <subfield code="m">3</subfield>
    <subfield code="o">HJ4664 C37 2015</subfield>
    <subfield code="p">14 004751</subfield>
    <subfield code="r">2016-11-14</subfield>
    <subfield code="s">2016-11-08</subfield>
    <subfield code="t">1</subfield>
    <subfield code="w">2015-10-20</subfield>
    <subfield code="y">LB</subfield>
  </datafield>
  <datafield tag="999" ind1=" " ind2=" ">
    <subfield code="c">98301</subfield>
    <subfield code="d">98301</subfield>
  </datafield>
</record>
